[Event "World Rapid 2025"]
[Site "Doha QAT"]
[Date "2025.12.26"]
[Round "5.112"]
[White "Morris, James"]
[Black "Damaj, Mohammed"]
[Result "1-0"]
[WhiteTitle "IM"]
[BlackTitle "CM"]
[WhiteElo "2422"]
[BlackElo "2119"]
[WhiteFideId "3205800"]
[BlackFideId "11501731"]
[EventDate "2025.12.26"]
[EventType "rapid"]

1. e4 c6 2. d4 d5 3. exd5 cxd5 4. Bd3 Nc6 5. c3 Nf6 6. h3 g6 7. Nf3 Bf5 8. Be2
Bg7 9. Bf4 Qb6 10. Qb3 Qxb3 11. axb3 O-O 12. b4 a6 13. Nbd2 Ne4 14. Nb3 Rfe8 15.
O-O e5 16. dxe5 Nxe5 17. Nxe5 Bxe5 18. Be3 Bc7 19. Bf3 Bd7 20. Rfd1 Bc6 21. Na5
Bxa5 22. Rxa5 Rad8 23. h4 f5 24. Raa1 Bb5 25. Rd4 Bc4 26. Bd1 Kf7 27. Ba4 Re6
28. Rad1 Be2 29. Re1 Bc4 30. Bc2 Rde8 31. b3 Bb5 32. c4 dxc4 33. bxc4 Bc6 34. b5
axb5 35. cxb5 Bxb5 36. Bb3 Kf6 37. Bxe6 Rxe6 38. f3 Nc3 39. Kf2 Kf7 40. Rc1 f4
41. Rxf4+ 1-0

[Event "World Rapid 2025"]
[Site "Doha QAT"]
[Date "2025.12.26"]
[Round "5.113"]
[White "Alsaqer, Meshal"]
[Black "Gaehwiler, Gabriel"]
[Result "0-1"]
[BlackTitle "IM"]
[WhiteElo "1853"]
[BlackElo "2382"]
[WhiteFideId "10301771"]
[BlackFideId "1314530"]
[EventDate "2025.12.26"]
[EventType "rapid"]

1. d4 Nf6 2. Nf3 g6 3. Bf4 Bg7 4. e3 b6 5. Be2 Bb7 6. h3 d6 7. a4 a6 8. Nbd2
Nbd7 9. c3 e5 10. Bh2 Qe7 11. O-O O-O 12. Qc2 Rac8 13. Rfd1 Rfe8 14. Nc4 exd4
15. cxd4 Nd5 16. Qb3 Rb8 17. Rac1 N7f6 18. Ncd2 a5 19. Bb5 Red8 20. Rc2 Nb4 21.
Rcc1 Rbc8 22. Bf1 Qe8 23. Bb5 Qe7 24. Bf1 d5 25. Ne5 c5 26. Re1 Qe6 27. Qd1 Ne8
28. Nb1 Nd6 29. Nc3 Nc4 30. Nxc4 dxc4 31. Nb5 cxd4 32. exd4 Qd5 33. Qd2 Nd3 34.
Nc7 Qxd4 35. Bxd3 Qxd3 36. Qxd3 cxd3 37. Rcd1 Bxb2 38. Nb5 d2 39. Rf1 Ba6 40.
Bf4 Bxb5 41. axb5 a4 42. Bxd2 a3 43. Be3 Rxd1 44. Rxd1 a2 0-1

[Event "World Rapid 2025"]
[Site "Doha QAT"]
[Date "2025.12.26"]
[Round "5.114"]
[White "Wafa, Hamed"]
[Black "Rami, Talab"]
[Result "0-1"]
[WhiteTitle "IM"]
[WhiteElo "2373"]
[BlackElo "2173"]
[WhiteFideId "10628452"]
[BlackFideId "7609787"]
[EventDate "2025.12.26"]
[EventType "rapid"]

1. e4 c6 2. d4 d5 3. e5 Bf5 4. h4 h5 5. Bd3 Bxd3 6. Qxd3 e6 7. Nf3 Ne7 8. Bg5
Qd7 9. O-O Nf5 10. Nc3 Be7 11. g3 Bxg5 12. Nxg5 Qe7 13. Nd1 g6 14. Ne3 Nh6 15.
c4 O-O 16. c5 b6 17. b4 a5 18. a3 Na6 19. cxb6 axb4 20. axb4 Nxb4 21. Qc3 c5 22.
Qxc5 Qxc5 23. dxc5 Nc6 24. f4 Rfb8 25. Nf3 Kf8 26. Kf2 Ke7 27. Ke2 Kd7 28. Kd3
Ng8 29. Nd4 Nge7 30. Nec2 Nxd4 31. Nxd4 Nc6 32. Nb5 Nb4+ 33. Kc3 Na6 34. Rxa6
Rxa6 35. Nd4 Ra4 36. c6+ Kc8 37. Rb1 Ra6 38. b7+ Kc7 39. Rc1 Rxc6+ 40. Nxc6 Kxc6
41. Kb4+ Kxb7 42. Rc5 Rc8 43. Rb5+ Kc6 44. Ra5 Kd7 45. Kb5 Rc3 46. Ra7+ Ke8 47.
Kb6 Kf8 48. Kb5 Rxg3 49. Kc6 Rg4 50. Ra4 Rxh4 51. Kd6 Kg7 52. Rb4 Rg4 53. Ke7 h4
54. Ra4 h3 55. Ra3 Rh4 56. f5 exf5 57. e6 fxe6 58. Kxe6 h2 59. Ra7+ Kh6 0-1

[Event "World Rapid 2025"]
[Site "Doha QAT"]
[Date "2025.12.26"]
[Round "5.115"]
[White "AlJamaat, Khaled"]
[Black "Nurgaliyev, Sauat"]
[Result "0-1"]
[BlackTitle "IM"]
[WhiteElo "1719"]
[BlackElo "2437"]
[WhiteFideId "12102415"]
[BlackFideId "13726285"]
[EventDate "2025.12.26"]
[EventType "rapid"]

1. e4 d6 2. d4 Nf6 3. Nc3 e5 4. d5 Be7 5. h3 c6 6. Nf3 O-O 7. Be3 Qa5 8. Qd2
cxd5 9. Nxd5 Qxd2+ 10. Nxd2 Nxd5 11. exd5 f5 12. f4 Bh4+ 13. Kd1 Nd7 14. Nc4 Rf6
15. a4 Bg3 16. fxe5 dxe5 17. Be2 b6 18. Bg5 Rg6 19. h4 Ba6 20. b3 Nf6 21. Rh3
Ne4 22. Kc1 Rc8 23. Bh5 Bxc4 24. Bxg6 Bd3 25. Kb2 Rxc2+ 26. Ka3 hxg6 27. Rxg3
Nxg3 28. d6 Rc6 29. d7 Rd6 30. d8=Q+ Rxd8 31. Bxd8 Ne2 32. Rd1 e4 33. Bg5 Kf7
34. b4 Ke6 35. b5 f4 36. Kb4 Kf5 37. a5 bxa5+ 38. Kxa5 Nd4 39. b6 Nc6+ 40. Ka4
Bc2+ 41. Kb5 Bxd1 42. Kxc6 axb6 43. Kxb6 e3 44. Be7 Kg4 45. Bb4 Kg3 46. Kc5 Kxg2
47. Kd4 f3 0-1

[Event "World Rapid 2025"]
[Site "Doha QAT"]
[Date "2025.12.26"]
[Round "5.116"]
[White "Al-Kuwari, Hamad"]
[Black "Aziz, Husain"]
[Result "0-1"]
[WhiteTitle "CM"]
[BlackTitle "IM"]
[WhiteElo "1809"]
[BlackElo "2256"]
[WhiteFideId "12102679"]
[BlackFideId "12100293"]
[EventDate "2025.12.26"]
[EventType "rapid"]

1. e4 c6 2. d4 d5 3. exd5 cxd5 4. Bd3 Nf6 5. c3 Bg4 6. Nf3 Nc6 7. Bf4 e6 8. Nbd2
Bd6 9. Bxd6 Qxd6 10. O-O O-O 11. Qb3 Rab8 12. a4 Qc7 13. Rfe1 Bh5 14. Ne5 a6 15.
f4 Bg6 16. Bxg6 hxg6 17. Qd1 Ne7 18. Qe2 Nf5 19. Ndf3 Ne4 20. Ng5 Nfd6 21. Qg4
Qe7 22. Nef3 Nxg5 23. Nxg5 Nf5 24. Qh3 Nh6 25. Re2 Qf6 26. g3 Qf5 27. Qg2 Rfc8
28. Rd1 b5 29. axb5 axb5 30. Rde1 b4 31. Qf3 bxc3 32. bxc3 Rb3 33. Re3 Ng4 34.
Rd3 Rb2 35. Re2 Rcb8 36. Rd1 Nf6 37. Qe3 Rc2 38. Rxc2 Qxc2 39. Qd3 Qb3 40. Re1
Ra8 41. Rb1 Qa2 42. Qb5 Rf8 43. Qb2 Qc4 44. Qb4 Qd3 45. Qb2 Ne4 46. Nxe4 dxe4
47. Re1 Rc8 48. Qe2 Qxc3 49. Qxe4 Rd8 50. Rd1 Rd5 51. Qd3 Qb4 52. Qd2 Qb6 53.
Qe3 Rb5 54. Rc1 Rd5 55. Rc8+ Kh7 56. g4 Qxd4 57. Rc3 Qd1+ 58. Kg2 Qxg4+ 59. Kf2
Rf5 60. Qh3+ Qxh3 61. Rxh3+ Rh5 0-1

[Event "World Rapid 2025"]
[Site "Doha QAT"]
[Date "2025.12.26"]
[Round "5.117"]
[White "Al-Janahi, Ibrahim"]
[Black "Halkias, Stelios"]
[Result "0-1"]
[BlackTitle "GM"]
[WhiteElo "1656"]
[BlackElo "2503"]
[WhiteFideId "12102385"]
[BlackFideId "4201809"]
[EventDate "2025.12.26"]
[EventType "rapid"]

1. d4 Nf6 2. c4 e6 3. Nc3 Bb4 4. e3 O-O 5. Bd3 d5 6. Nf3 dxc4 7. Bxc4 c5 8. a3
Ba5 9. O-O Nbd7 10. Qc2 cxd4 11. exd4 Qc7 12. Bd3 Bxc3 13. bxc3 b6 14. Re1 Bb7
15. Ne5 Rac8 16. Nxd7 Qxd7 17. Re3 g6 18. Rg3 Nh5 19. Rh3 Qc6 20. Bf1 Rfd8 21.
Qe2 Rd5 22. Bh6 Rf5 23. f3 Nf4 24. Bxf4 Rxf4 25. Qe3 Qxc3 26. Qxf4 Qxa1 27. Rxh7
Kxh7 28. Qxf7+ Kh6 29. Qf6 Bd5 30. Qh4+ Kg7 31. Qe7+ Kg8 32. Qf6 Qb1 33. Qe7 Bc4
34. Kf2 Qxf1+ 35. Kg3 Qe1+ 36. Kh3 Rf8 37. Qg5 Bd3 38. d5 Bf5+ 39. g4 Bd3 0-1

[Event "World Rapid 2025"]
[Site "Doha QAT"]
[Date "2025.12.26"]
[Round "5.118"]
[White "Cunha, Lucas Aguiar"]
[Black "Dinham, James"]
[Result "0-1"]
[WhiteTitle "FM"]
[WhiteElo "2263"]
[BlackElo "2091"]
[WhiteFideId "2125404"]
[BlackFideId "14327023"]
[EventDate "2025.12.26"]
[EventType "rapid"]

1. e4 c5 2. Nf3 d6 3. d4 cxd4 4. Qxd4 a6 5. Be2 Nc6 6. Qe3 g6 7. O-O Bg7 8. Rd1
Bd7 9. c4 Nf6 10. Nc3 O-O 11. Qf4 Qb6 12. Qh4 Rac8 13. Nd5 Nxd5 14. cxd5 Nd4 15.
Nxd4 Bxd4 16. Qxe7 Bxf2+ 17. Kh1 Ba4 18. Rf1 Bd4 19. Bh6 Rce8 20. Qh4 Bg7 21.
Bxg7 Kxg7 22. Qf6+ Kg8 23. Bf3 Re5 24. b3 Bb5 25. Rfd1 a5 26. a4 Ba6 27. Rac1
Rfe8 28. Rc3 Qd8 29. Qf4 Kg7 30. Rdc1 Qf6 31. Qd2 h5 32. Rc7 R8e7 33. Rxe7 Rxe7
34. Qxa5 g5 35. Bxh5 Rxe4 36. Bf3 Re3 37. Qd2 Rxb3 38. Re1 Rb2 39. Qe3 Ra2 40.
h3 Rxa4 41. Rb1 Ra1 42. Rg1 Rxg1+ 43. Qxg1 Qe5 44. Qc1 Bd3 45. Qc7 b5 46. Qb6
Qe1+ 47. Kh2 Qe5+ 48. Kg1 Bc4 49. Qc6 Qe3+ 50. Kh1 Qc5 51. Qb7 b4 52. Qe7 Bd3
53. Qxg5+ Bg6 54. Be4 Qa7 55. Bxg6 fxg6 56. Qc1 0-1

[Event "World Rapid 2025"]
[Site "Doha QAT"]
[Date "2025.12.26"]
[Round "5.119"]
[White "Al Mashikhi, Salim Aliyan"]
[Black "Ammar, Sedrani"]
[Result "0-1"]
[WhiteTitle "FM"]
[BlackTitle "FM"]
[WhiteElo "1952"]
[BlackElo "2203"]
[WhiteFideId "22000046"]
[BlackFideId "9312331"]
[EventDate "2025.12.26"]
[EventType "rapid"]

1. c4 e6 2. Nf3 d5 3. cxd5 exd5 4. d4 Nf6 5. Nc3 c6 6. g3 Bd6 7. Bg2 O-O 8. O-O
Re8 9. h3 Bf5 10. Bg5 h6 11. Bxf6 Qxf6 12. Qb3 Na6 13. a3 Rab8 14. Rfe1 Nc7 15.
Rad1 g5 16. Na4 Re7 17. Nh2 Qe6 18. g4 Bg6 19. Nc5 Qf6 20. e3 Bxh2+ 21. Kxh2
Qxf2 22. Qc3 Rbe8 23. e4 dxe4 24. Rf1 Qh4 25. Nxb7 Nd5 26. Qxc6 Ne3 27. Nd6 Rd8
28. Nf5 Bxf5 29. gxf5 Nxd1 30. Rxd1 e3 31. f6 Ree8 32. Qc3 e2 33. Re1 Rxd4 34.
Qg3 Rd1 0-1

[Event "World Rapid 2025"]
[Site "Doha QAT"]
[Date "2025.12.26"]
[Round "5.120"]
[White "Muntean, Victor"]
[Black "Bodemar, Jonathan"]
[Result "0-1"]
[BlackTitle "CM"]
[WhiteElo "2169"]
[BlackElo "2154"]
[WhiteFideId "1054414"]
[BlackFideId "6205488"]
[EventDate "2025.12.26"]
[EventType "rapid"]

1. e4 e6 2. Qe2 Be7 3. d4 d5 4. e5 c5 5. Qg4 Kf8 6. c3 Nc6 7. Nf3 h5 8. Qf4 Nh6
9. dxc5 Bxc5 10. Bd3 Ng4 11. O-O Qc7 12. b4 Bb6 13. Qg3 Ngxe5 14. Nxe5 Nxe5 15.
Bf4 f6 16. Re1 h4 17. Qh3 Qf7 18. Bxe5 fxe5 19. Qf3 e4 20. Qxf7+ Kxf7 21. Bb5
Ke7 22. a4 Rf8 23. Ra2 a6 24. Bf1 Bd7 25. a5 Ba7 26. c4 Rac8 27. c5 Bb8 28. Nd2
Be5 29. f3 e3 30. Nb3 d4 31. Rd1 Rfd8 32. Nxd4 Be8 33. c6 Bxd4 34. Rxd4 Rxd4 35.
cxb7 Rb8 36. b5 Bxb5 0-1

[Event "World Rapid 2025"]
[Site "Doha QAT"]
[Date "2025.12.26"]
[Round "5.121"]
[White "Phuyal, Aashish"]
[Black "Dahal, Sushrut"]
[Result "1/2-1/2"]
[BlackTitle "CM"]
[WhiteElo "1955"]
[BlackElo "2037"]
[WhiteFideId "12312649"]
[BlackFideId "12303275"]
[EventDate "2025.12.26"]
[EventType "rapid"]

1. d4 Nf6 2. c4 e6 3. e3 b6 4. Be2 Bb7 5. Bf3 Bxf3 6. Nxf3 Be7 7. O-O O-O 8. b3
d5 9. Ba3 Bxa3 10. Nxa3 Qe7 11. Qc1 Nbd7 12. Qb2 c5 13. dxc5 Nxc5 14. cxd5 Nxd5
15. Rfd1 Rfd8 16. Nc4 h6 17. h3 Rac8 18. Qe5 Qc7 19. Qxc7 Rxc7 20. Kf1 Rdc8 21.
Nd6 Rd8 22. Nc4 Rdc8 23. Nd6 Rd8 1/2-1/2

[Event "World Rapid 2025"]
[Site "Doha QAT"]
[Date "2025.12.26"]
[Round "5.122"]
[White "Blackwood, Ryan"]
[Black "Alhassadi, Yousef A."]
[Result "0-1"]
[BlackTitle "FM"]
[WhiteElo "1945"]
[BlackElo "2098"]
[WhiteFideId "7400640"]
[BlackFideId "9204725"]
[EventDate "2025.12.26"]
[EventType "rapid"]

1. e4 c5 2. Nf3 e6 3. d4 cxd4 4. Nxd4 Nf6 5. Nc3 Nc6 6. Nxc6 bxc6 7. Bd3 d5 8.
O-O Be7 9. Qe1 O-O 10. Kh1 a5 11. Bg5 Ba6 12. Bxa6 Rxa6 13. Rd1 Rb6 14. b3 Rb4
15. f3 Re8 16. a4 Rb7 17. Ne2 Qc7 18. Ng3 h6 19. Bd2 Bb4 20. e5 Nd7 21. f4 Bxd2
22. Rxd2 Rb4 23. Nh5 g6 24. Ng3 c5 25. Qe3 Kh7 26. Rdf2 f5 27. Rf3 c4 28. Ne2
cxb3 29. cxb3 Rc8 30. Nd4 Qb6 31. Nb5 Qxe3 32. Rxe3 Rc2 33. g3 Nc5 34. Rff3 Ne4
35. Kg1 g5 36. fxg5 hxg5 37. Nd6 Nd2 38. Rf2 Rc1+ 39. Kg2 Nxb3 40. Nxf5 exf5 41.
e6 Rc8 42. e7 Re8 43. Rxf5 Rb7 44. Rxd5 Rexe7 45. Rxe7+ Rxe7 46. Rxg5 Re4 47.
Rb5 Rb4 48. Kf2 Nd4 49. Rxa5 Rb2+ 50. Ke3 Ne6 51. h4 Rb3+ 52. Kf2 Rb2+ 53. Kf3
Rb3+ 54. Kg4 Rb4+ 55. Kf5 Nd4+ 56. Kf6 Rb6+ 57. Kg5 Rg6+ 58. Kh5 Ne6 59. Rg5
Nxg5 60. hxg5 Ra6 61. a5 Rxa5 62. g4 Kg7 63. Kh4 Kg6 0-1

[Event "World Rapid 2025"]
[Site "Doha QAT"]
[Date "2025.12.26"]
[Round "5.123"]
[White "Alrehaili, Ahmed Abdullah S"]
[Black "Alkhuriji, Abdulaziz N"]
[Result "1-0"]
[WhiteTitle "FM"]
[WhiteElo "2106"]
[BlackElo "1972"]
[WhiteFideId "21518840"]
[BlackFideId "21525919"]
[EventDate "2025.12.26"]
[EventType "rapid"]

1. e4 e5 2. Nf3 Nc6 3. Bc4 Nf6 4. d3 Bc5 5. O-O O-O 6. Nbd2 d6 7. c3 a5 8. Re1
Ba7 9. Nf1 Re8 10. h3 h6 11. Ng3 Be6 12. Bb5 Bd7 13. Nh2 Ne7 14. Bxd7 Qxd7 15.
Qf3 Qe6 16. Ng4 Nxg4 17. hxg4 Rad8 18. Nf5 d5 19. g3 b5 20. Kg2 c5 21. Rh1 Nxf5
22. gxf5 Qf6 23. exd5 c4 24. Rh4 Rd7 25. a4 cxd3 26. axb5 Rxd5 27. Qxd5 Rd8 28.
Qf3 d2 29. Bxd2 Rxd2 30. Qa8+ Qd8 31. Qxa7 Qd5+ 32. Kh2 Qf3 33. Rf1 Rxb2 34. Qe3
Qxf5 35. b6 Qf6 36. Ra4 Rxb6 37. Rxa5 Re6 38. Re1 e4 39. Qd4 Qf3 40. Kg1 h5 41.
Re5 Rxe5 42. Qxe5 f5 43. Re3 Qd1+ 44. Kg2 g6 45. Qd4 Qg4 46. f3 exf3+ 47. Rxf3
Qg5 48. Re3 Qh6 49. Re8+ Kf7 50. Qd7+ Kf6 51. Qe7# 1-0

[Event "World Rapid 2025"]
[Site "Doha QAT"]
[Date "2025.12.27"]
[Round "6.3"]
[White "Giri, Anish"]
[Black "Gukesh, D"]
[Result "1/2-1/2"]
[WhiteTitle "GM"]
[BlackTitle "GM"]
[WhiteElo "2760"]
[BlackElo "2754"]
[WhiteFideId "24116068"]
[BlackFideId "46616543"]
[EventDate "2025.12.26"]

1. Nf3 d5 2. g3 Nd7 3. d4 Ngf6 4. c4 e6 5. Bg2 Be7 6. O-O O-O 7. Qc2 a5 8. b3 b6
9. cxd5 Nxd5 10. Bb2 Bb7 11. Nc3 Rc8 12. Nxd5 exd5 13. Ne5 Nxe5 14. dxe5 Qd7 15.
Rad1 c5 16. e3 Rfd8 17. h4 b5 18. Kh2 d4 19. Bxb7 Qxb7 20. exd4 cxd4 21. Qe2 Bc5
22. Rd3 Rd5 23. Rfd1 Qd7 24. f4 Bb6 25. R1d2 h6 26. Qe4 a4 27. bxa4 bxa4 28. Re2
Re8 29. Red2 Bc5 30. Ba3 Bxa3 31. Rxa3 Rd8 32. Qc2 d3 33. Qxa4 Qc7 34. Qd1 Qc4
35. Rb3 Qe4 36. Qf1 h5 37. Kg1 g6 38. Rb1 Rc8 39. Qg2 Qd4+ 40. Qf2 Qe4 41. Re1
Qf5 42. Qf3 Rd4 43. Qe3 Rcc4 44. Red1 Qg4 45. Rf1 Re4 46. Qf3 Rxf4 47. Qxg4 Rxg4
48. Rxd3 Rce4 49. Rd8+ Kg7 50. Rd7 Rxg3+ 51. Kh2 Ra3 52. Rfxf7+ Kg8 53. Rg7+ Kf8
54. Rgf7+ Ke8 55. Rfe7+ Kf8 56. Rf7+ Ke8 57. Rfe7+ Kf8 1/2-1/2

[Event "World Rapid 2025"]
[Site "Doha QAT"]
[Date "2025.12.27"]
[Round "6.4"]
[White "Matlakov, Maxim"]
[Black "Sindarov, Javokhir"]
[Result "1/2-1/2"]
[WhiteTitle "GM"]
[BlackTitle "GM"]
[WhiteElo "2606"]
[BlackElo "2726"]
[WhiteFideId "4168003"]
[BlackFideId "14205483"]
[EventDate "2025.12.26"]

1. d4 Nf6 2. c4 c5 3. d5 b5 4. cxb5 a6 5. e3 axb5 6. Bxb5 Qa5+ 7. Nc3 Bb7 8. Bd2
Qb6 9. Nf3 Nxd5 10. a4 e6 11. O-O Nb4 12. e4 Be7 13. Ne5 O-O 14. Bf4 Qd8 15. Qg4
N8c6 16. Rad1 d6 17. Nf3 Qc7 18. Be2 Rad8 19. Nb5 Qb8 20. h4 e5 21. Bh6 Bf6 22.
Bg5 Bc8 23. Qg3 Bxg5 24. hxg5 Be6 25. g6 h6 26. gxf7+ Rxf7 27. Nh4 Nc2 28. f4
N2d4 29. Bh5 Rxf4 30. Rxf4 exf4 31. Qxf4 Ne5 32. Kh1 Rf8 33. Qg3 Rf6 34. Nxd4
cxd4 35. Rxd4 Bg4 36. Bxg4 Rf1+ 37. Kh2 Nxg4+ 38. Qxg4 d5+ 39. e5 Qxe5+ 40. g3
Qe1 41. Qc8+ Kh7 42. Qc2+ Kg8 43. Qc8+ 1/2-1/2

[Event "World Rapid 2025"]
[Site "Doha QAT"]
[Date "2025.12.27"]
[Round "6.5"]
[White "Chanda, Sandipan"]
[Black "Yu, Yangyi"]
[Result "1/2-1/2"]
[WhiteTitle "GM"]
[BlackTitle "GM"]
[WhiteElo "2490"]
[BlackElo "2717"]
[WhiteFideId "5004225"]
[BlackFideId "8603820"]
[EventDate "2025.12.26"]

1. d4 Nf6 2. Nf3 g6 3. Nbd2 Bg7 4. e4 d6 5. Bb5+ Bd7 6. Bc4 O-O 7. O-O Nc6 8. c3
e5 9. h3 a5 10. Re1 a4 11. a3 Re8 12. dxe5 dxe5 13. Nf1 h6 14. Ng3 Na5 15. Ba2
Bb5 16. Be3 Qxd1 17. Raxd1 Bc4 18. Bxc4 Nxc4 19. Bc1 Red8 20. Nd2 Na5 21. Nf3
Nd7 22. Kf1 Nc5 23. Ke2 Ncb3 24. Rxd8+ Rxd8 25. Rd1 Rxd1 26. Kxd1 Nc4 27. Ne1 h5
28. Nd3 h4 29. Nf1 f5 30. f3 Kf7 31. Kc2 f4 32. Nf2 Bf8 33. Ng4 Ke6 34. Nd2
Nbxd2 35. Bxd2 Bc5 36. Be1 g5 37. Bd2 b5 38. Bc1 c6 39. Bd2 Bg1 40. Bc1 Bb6 41.
Bd2 Ba7 42. Bc1 Bg1 43. Bd2 Na5 44. Bc1 Nb7 45. Bd2 Nd6 46. Bc1 c5 47. Kd3 c4+
48. Kc2 Nb7 49. Bd2 Nc5 50. Bc1 Nd3 51. Bd2 Bc5 52. Kb1 Bf2 53. Kc2 Be1 54. Bc1
Bf2 55. Bd2 Bb6 56. Kb1 Ba7 57. Kc2 Bc5 58. Kb1 Bg1 59. Kc2 Ke7 60. Kb1 Kf7 61.
Kc2 Ke6 62. Kb1 Bb6 63. Kc2 Bc5 64. Kb1 Bb6 65. Kc2 Bc5 1/2-1/2

[Event "World Rapid 2025"]
[Site "Doha QAT"]
[Date "2025.12.27"]
[Round "6.6"]
[White "Nihal, Sarin"]
[Black "Sargsyan, Shant"]
[Result "1/2-1/2"]
[WhiteTitle "GM"]
[BlackTitle "GM"]
[WhiteElo "2701"]
[BlackElo "2665"]
[WhiteFideId "25092340"]
[BlackFideId "13306766"]
[EventDate "2025.12.26"]

1. g3 e5 2. Nf3 Nc6 3. d4 e4 4. Ne5 Nce7 5. d5 d6 6. Nc4 b5 7. Ne3 f5 8. a4 b4
9. Bd2 Rb8 10. c3 Nf6 11. cxb4 Nexd5 12. b5 Nxe3 13. Bxe3 a6 14. Nc3 axb5 15.
axb5 Bd7 16. Ba7 Rb7 17. e3 d5 18. Bd4 Bb4 19. Be2 Bxb5 20. Bxf6 gxf6 21. Bxb5+
Rxb5 22. O-O Bxc3 23. Qh5+ Ke7 24. bxc3 Ke6 25. Rfd1 Qe8 26. Qh6 Qf8 27. Qh5 Qe8
28. Ra6+ Rb6 29. Qe2 Qc6 30. Ra5 h5 31. h4 Qc4 32. Qxc4 dxc4 33. Rdd5 Ra8 34.
Rxf5 Rxa5 35. Rxa5 Rb3 36. Rxh5 Rxc3 37. Ra5 Rc1+ 38. Kg2 c3 39. h5 Rd1 40. Rc5
Rd5 41. Rxc3 Rxh5 42. Rc6+ Kf5 43. Rxc7 Rh8 44. Rg7 Ke6 45. g4 Ra8 46. Rb7 Ra2
47. Kg3 Rc2 48. Rb5 Ra2 49. Rf5 Rb2 50. Rh5 Ra2 51. Rh2 Ra1 52. Kf4 Rg1 53. Rh6
Rg2 54. Kxe4 Rxg4+ 55. f4 Rg3 56. f5+ Ke7 57. Rh7+ Ke8 58. Ra7 Rh3 59. Kd4 Rf3
60. e4 Rb3 61. Kc5 Rb1 62. Rc7 Rd1 63. Rb7 Rd2 64. Ra7 Rd1 65. Ra4 Ke7 66. Rb4
Rd2 67. Rd4 Ra2 68. Rc4 Rd2 69. Rc1 Rd3 70. Rh1 Rd2 71. Rh7+ Ke8 72. Kc4 Rd1 73.
Kc3 Kf8 74. Rh3 Ke7 75. Rd3 Ra1 76. Kd4 Ra4+ 77. Ke3 Ra1 78. Rb3 Re1+ 79. Kf4
Rg1 80. Rg3 Rf1+ 81. Kg4 Rh1 1/2-1/2

[Event "World Rapid 2025"]
[Site "Doha QAT"]
[Date "2025.12.27"]
[Round "6.7"]
[White "Orozbaev, Eldiyar"]
[Black "Robson, Ray"]
[Result "0-1"]
[WhiteTitle "IM"]
[BlackTitle "GM"]
[WhiteElo "2348"]
[BlackElo "2650"]
[WhiteFideId "13802240"]
[BlackFideId "2023970"]
[EventDate "2025.12.26"]

1. e4 e5 2. Nf3 Nc6 3. Bb5 Nf6 4. Nc3 Nd4 5. Nxd4 exd4 6. e5 dxc3 7. exf6 Qxf6
8. dxc3 Bc5 9. O-O O-O 10. Bd3 d6 11. Qh5 h6 12. Bd2 Re8 13. Kh1 Bd7 14. f4 Bc6
15. Rae1 Rxe1 16. Bxe1 Re8 17. Bh4 Qe6 18. f5 Qe3 19. Qg4 h5 20. Qxh5 Qh3 21.
Qg5 f6 22. Bc4+ d5 0-1

[Event "World Rapid 2025"]
[Site "Doha QAT"]
[Date "2025.12.27"]
[Round "6.8"]
[White "Sarana, Alexey"]
[Black "Hovhannisyan, Robert"]
[Result "1-0"]
[WhiteTitle "GM"]
[BlackTitle "GM"]
[WhiteElo "2673"]
[BlackElo "2621"]
[WhiteFideId "24133795"]
[BlackFideId "13302507"]
[EventDate "2025.12.26"]

1. d4 d5 2. c4 e6 3. Nc3 Nf6 4. cxd5 exd5 5. Bg5 c6 6. e3 Bf5 7. Qf3 Bg6 8. Bxf6
Qxf6 9. Qxf6 gxf6 10. h4 Nd7 11. Nge2 h5 12. f3 Nb6 13. Nf4 Bd6 14. g3 Kf8 15.
Kf2 Re8 16. Rd1 Kg7 17. g4 hxg4 18. fxg4 Nc4 19. Bxc4 dxc4 20. Nxg6 fxg6 21. h5
b5 22. Kf3 Re6 23. hxg6 Rhe8 24. Rde1 Kxg6 25. Rh5 Bb4 26. Re2 Bxc3 27. bxc3 a5
28. a3 Re4 29. Rc5 R4e6 30. e4 Rh8 31. Rh5 Rxh5 32. gxh5+ Kxh5 33. Rg2 c5 34. d5
Rb6 35. Kf4 b4 36. e5 fxe5+ 37. Kxe5 b3 38. Rg1 b2 39. Rb1 Kg6 40. d6 Kf7 41.
Kd5 Rb8 42. Kc6 Rc8+ 43. Kb7 Rd8 44. Kc7 Ra8 45. Rxb2 Ke6 46. Re2+ Kd5 47. Rd2+
Ke6 48. d7 Ra7+ 49. Kc6 1-0

[Event "World Rapid 2025"]
[Site "Doha QAT"]
[Date "2025.12.27"]
[Round "6.9"]
[White "Makarian, Rudik"]
[Black "Anton Guijarro, David"]
[Result "0-1"]
[WhiteTitle "GM"]
[BlackTitle "GM"]
[WhiteElo "2524"]
[BlackElo "2646"]
[WhiteFideId "44105681"]
[BlackFideId "2285525"]
[EventDate "2025.12.26"]

1. d4 Nf6 2. c4 e6 3. Nf3 d5 4. g3 Be7 5. Bg2 O-O 6. Nc3 Nbd7 7. Qd3 b6 8. cxd5
Nxd5 9. O-O Bb7 10. Rd1 Nxc3 11. bxc3 Nf6 12. Ne5 Bxg2 13. Kxg2 c5 14. e4 Qc7
15. Bf4 Bd6 16. Qf3 Rac8 17. Rd3 Rfe8 18. Re1 b5 19. Ng4 Nxg4 20. Qxg4 Bxf4 21.
Qxf4 Qxf4 22. gxf4 cxd4 23. cxd4 Red8 24. Kf3 Rc4 25. Ke3 g6 26. Red1 Ra4 27.
R1d2 Rc8 28. f5 exf5 29. exf5 Kg7 30. Ke4 Rac4 31. Rf3 Re8+ 32. Kd5 Rd8+ 33. Ke4
Re8+ 34. Kd5 Rd8+ 35. Ke5 f6+ 36. Ke4 a5 37. a3 a4 38. Rfd3 b4 39. axb4 Rxb4 40.
Rc2 Rd7 41. fxg6 hxg6 42. Rc6 Re7+ 43. Kd5 Ra7 44. Kc5 Rb2 45. Ra3 Ra5+ 46. Kd6
Rxf2 47. h3 f5 48. Rc4 Kf6 49. Rcxa4 Rxa4 50. Rxa4 Rf3 51. d5 Rxh3 52. Rc4 g5
53. Kc6 g4 54. d6 Rd3 55. d7 0-1

[Event "World Rapid 2025"]
[Site "Doha QAT"]
[Date "2025.12.27"]
[Round "6.10"]
[White "Niemann, Hans Moke"]
[Black "Goutham Krishna H"]
[Result "1-0"]
[WhiteTitle "GM"]
[BlackTitle "IM"]
[WhiteElo "2725"]
[BlackElo "2433"]
[WhiteFideId "2093596"]
[BlackFideId "25983504"]
[EventDate "2025.12.26"]

1. e4 d5 2. exd5 Qxd5 3. Nc3 Qd6 4. d4 Nf6 5. Nf3 a6 6. Ne5 Nc6 7. Nxc6 Qxc6 8.
Be2 Qxg2 9. Bf3 Qh3 10. Bf4 Bg4 11. Bxg4 Qxg4 12. Qxg4 Nxg4 13. Bxc7 Rc8 14. Bg3
e6 15. O-O-O Nf6 16. f3 Bb4 17. Ne4 Nd5 18. c3 Be7 19. Rhe1 h5 20. h4 Rh6 21.
Kd2 Rg6 22. Rg1 Rc6 23. Be5 Rxg1 24. Rxg1 f6 25. Bh2 f5 26. Ng5 b5 27. Kd3 Bf6
28. Nh3 Kf7 29. Ng5+ Ke7 30. Nh7 Kf7 31. Nxf6 gxf6 32. Rc1 f4 33. Ke4 a5 34. Kd3
e5 35. Bg1 a4 36. Kd2 Rc8 37. Bf2 Ke6 38. b3 axb3 39. axb3 Ne7 40. Ra1 Rg8 41.
Ra6+ Kf5 42. c4 bxc4 43. bxc4 Rb8 44. Kc3 Rc8 45. Kd3 Nc6 46. Kc3 Ne7 47. c5
exd4+ 48. Bxd4 Nc6 49. Kc4 Ke6 50. Bc3 f5 51. Rb6 Kd7 52. Rb2 Re8 53. Rb7+ Kc8
54. Rb6 Kc7 55. Bd2 Ra8 56. Bxf4+ Kd7 57. Kd5 Ne7+ 58. Ke5 Ra5 59. Rb7+ Ke8 60.
Ke6 Nc6 61. Kd6 Nd8 62. Re7+ Kf8 63. Bh6+ Kg8 64. Re8+ 1-0